| 000 | 00804cam a22002291 4500 | ||
|---|---|---|---|
| 001 | af 49000288 | ||
| 003 | DLC | ||
| 005 | 20260227110914.0 | ||
| 008 | 820126s1943 gw f 000 0 ger c | ||
| 010 | _aaf 49000288 | ||
| 035 | _a(OCoLC)8094207 | ||
| 040 |
_aHarvard Univ. Library _cTxHR _dDLC |
||
| 042 | _apremarc | ||
| 050 | 0 | 0 |
_aN6923.B9 _bG775 |
| 100 | 1 |
_aGrimm, Herman Friedrich, _d1828-1901. |
|
| 245 | 1 | 0 |
_aMichelangelo, _bsein Leben in Geschichte und Kultur seiner Zeit, der Blütezeit der Kunst in Florenz und Rom. _c[Hrsg. von Reinhard Jaspert] |
| 260 |
_aBerlin, _bSafari-Verlag _c[c1943] |
||
| 300 |
_a352 p. _b(p. 257-352 plates) _c25 cm. |
||
| 500 | _a"Gekürzte Ausg. des ʻLeben Michelangelos."̓ | ||
| 600 | 1 | 0 |
_aMichelangelo Buonarroti, _d1475-1564. |
| 700 | 1 |
_aJaspert, Reinhard, _eed. |
|
| 999 |
_c6555 _d6555 |
||